[Event "50th Rilton Cup 2022-23"]
[Site "Stockholm SWE"]
[Date "2023.01.02"]
[Round "6.43"]
[White "Rietze, Clemens"]
[Black "Stefanou, Dimitrios"]
[Result "1/2-1/2"]
[WhiteTitle "FM"]
[WhiteElo "2359"]
[BlackElo "2266"]
[WhiteFideId "24620351"]
[BlackFideId "25825011"]
[EventDate "2022.12.27"]

1. d4 Nf6 2. c4 e6 3. Nf3 c5 4. d5 exd5 5. cxd5 d6 6. Nc3 g6 7. Bg5 h6 8. Bh4 g5
9. Bg3 Nh5 10. Nd2 Nxg3 11. hxg3 Bg7 12. e3 a6 13. a4 Nd7 14. Be2 Qe7 15. Nc4
Ne5 16. Nb6 Rb8 17. a5 O-O 18. Qd2 Nd7 19. Nca4 Nxb6 20. Nxb6 Bd7 21. O-O Bb5
22. Rab1 f5 23. b4 Bxe2 24. Qxe2 cxb4 25. Rxb4 f4 26. gxf4 gxf4 27. Qf3 fxe3 28.
Qxe3 Rbe8 29. Qg3 Rf5 30. Rg4 Kh8 31. Rg6 Rh5 32. Re6 Qf7 33. Qf3 Rf8 34. Qxf7
Rxf7 35. Rxd6 Bd4 36. g3 Rhf5 37. Kg2 Rxf2+ 38. Rxf2 Rxf2+ 39. Kh3 Kg7 40. Kg4
Rf7 41. Re6 Rf6 42. Re7+ Rf7 43. Re8 Kg6 44. Rg8+ Kf6 45. Kf4 Bc3 46. Nc4 Rc7
47. Ne3 Bxa5 48. Ng4+ Ke7 49. Nxh6 Rc4+ 50. Kf5 Kd6 51. g4 Kxd5 52. g5 Rc1 53.
Ng4 Rf1+ 54. Kg6 Rg1 55. Nf6+ Kc6 56. Kf7 Kb5 57. g6 Bc3 58. Rc8 Bxf6 59. Kxf6
Kb4 60. g7 a5 61. g8=Q Rxg8 62. Rxg8 a4 63. Ke5 a3 64. Rg4+ Kb3 65. Rg3+ Kb2 66.
Rg2+ Kb3 67. Rg3+ 1/2-1/2

[Event "50th Rilton Cup 2022-23"]
[Site "Stockholm SWE"]
[Date "2023.01.02"]
[Round "6.44"]
[White "Ilamparthi, A R"]
[Black "Ruiz Buendia, Miguel"]
[Result "1-0"]
[BlackTitle "FM"]
[WhiteElo "2336"]
[BlackElo "2257"]
[WhiteFideId "45015775"]
[BlackFideId "24537675"]
[EventDate "2022.12.27"]

1. e4 c5 2. Nf3 d6 3. d4 cxd4 4. Nxd4 Nf6 5. Nc3 a6 6. f3 e5 7. Nb3 Be6 8. Be3
h5 9. Nd5 Bxd5 10. exd5 Nbd7 11. Qd2 g6 12. O-O-O Nb6 13. Kb1 Nbxd5 14. Bg5 Be7
15. Bd3 Qc7 16. Rhe1 O-O-O 17. c4 Nb6 18. c5 dxc5 19. Nxc5 Nc4 20. Qc2 Qxc5 21.
Bxc4 Rxd1+ 22. Rxd1 Rd8 23. Rxd8+ Kxd8 24. Bxf7 Qg1+ 25. Qc1 Qxg2 26. Be6 Ke8
27. Bxf6 Bd8 28. Qd1 1-0

[Event "50th Rilton Cup 2022-23"]
[Site "Stockholm SWE"]
[Date "2023.01.02"]
[Round "6.45"]
[White "Kupervaser, Erez"]
[Black "Lever, Erwan"]
[Result "1/2-1/2"]
[WhiteTitle "FM"]
[WhiteElo "2331"]
[BlackElo "2241"]
[WhiteFideId "2814587"]
[BlackFideId "20640099"]
[EventDate "2022.12.27"]

1. e4 c5 2. Nf3 e6 3. d4 cxd4 4. Nxd4 Nc6 5. Nc3 Qc7 6. f4 Bc5 7. Nxc6 bxc6 8.
Bd3 d5 9. Qg4 f5 10. exf5 Nf6 11. Qe2 Kf7 12. Bd2 exf5 13. O-O-O Re8 14. Qf3 Kg8
15. Rhe1 Bd7 16. Be3 Bd6 17. g3 Ne4 18. Bxe4 fxe4 19. Qh5 Be6 20. Bd4 Qf7 21.
Qxf7+ Kxf7 22. Na4 Bg4 23. Rd2 Rab8 24. a3 Rb5 25. c4 Ra5 26. Nc3 Bf3 27. Be3
Ke6 28. cxd5+ cxd5 29. f5+ Kxf5 30. Nxd5 Re5 31. Nc3 Re6 32. Kb1 Be5 33. Rc1 Kg4
34. Ka2 Rc6 35. Rd7 Kh3 36. b4 Bg4 37. Re7 Bd6 38. Rxe4 Re5 39. Bc5 Be6+ 40. Kb2
Rxe4 41. Nxe4 Be5+ 42. Kc2 Bf5 43. Re1 Kxh2 44. Kb3 Bb8 45. Nd2 Re6 46. Rg1 Kh3
47. Nf3 Rg6 48. Nd4 Bd7 49. Rh1+ Kg2 50. Rxh7 Rxg3+ 51. Kc4 a6 52. Rh8 Be5 53.
Rd8 Bh3 54. Bd6 Bf6 55. Bxg3 Bxd8 56. Be5 g5 57. b5 Kf2 58. bxa6 Bf1+ 59. Kb3
Bxa6 1/2-1/2

[Event "50th Rilton Cup 2022-23"]
[Site "Stockholm SWE"]
[Date "2023.01.02"]
[Round "6.47"]
[White "Acikel, Mert"]
[Black "Tanmay, Chopra"]
[Result "0-1"]
[WhiteTitle "FM"]
[BlackTitle "FM"]
[WhiteElo "2234"]
[BlackElo "2329"]
[WhiteFideId "12956465"]
[BlackFideId "25630946"]
[EventDate "2022.12.27"]

1. e4 c5 2. Nf3 d6 3. Bb5+ Nd7 4. Ba4 Nf6 5. O-O e6 6. Re1 a6 7. c4 Be7 8. d4
cxd4 9. Nxd4 O-O 10. Bc2 Qc7 11. b3 b6 12. Bb2 Bb7 13. Nc3 Rfe8 14. Qd2 Rac8 15.
Rad1 Bf8 16. h3 Qc5 17. Bb1 Qh5 18. Nde2 b5 19. cxb5 axb5 20. Ba3 Ne5 21. Ng3
Qxh3 22. Bxd6 Nf3+ 23. gxf3 Bxd6 24. Nce2 Bc5 25. Qg5 h6 26. Qe5 b4 27. Bd3 Re7
28. Bb5 Rec7 29. Bc4 Ba7 30. Rd8+ Rxd8 31. Qxc7 Rd7 32. Qe5 h5 33. Bb5 Rd8 34.
Qc7 Rb8 35. Qa5 Ra8 36. Qc7 h4 37. Qxb7 hxg3 38. Qxa8+ Kh7 39. Qxa7 Qh2+ 0-1

[Event "50th Rilton Cup 2022-23"]
[Site "Stockholm SWE"]
[Date "2023.01.02"]
[Round "6.48"]
[White "Harshad, S"]
[Black "Karavade, Eesha"]
[Result "1-0"]
[WhiteTitle "FM"]
[BlackTitle "IM"]
[WhiteElo "2202"]
[BlackElo "2325"]
[WhiteFideId "46616551"]
[BlackFideId "5012600"]
[EventDate "2022.12.27"]

1. e4 e6 2. d4 d5 3. Bd3 dxe4 4. Bxe4 Nf6 5. Bf3 c5 6. Ne2 Nc6 7. Be3 cxd4 8.
Nxd4 Ne5 9. Nc3 a6 10. Qe2 Nxf3+ 11. gxf3 Nd5 12. Nxd5 Qxd5 13. O-O-O Be7 14.
Nb3 Qf5 15. Rhg1 O-O 16. Bh6 Bf6 17. Rxg7+ Bxg7 18. Rg1 Qf6 19. Bxg7 Qxg7 20.
Rxg7+ Kxg7 21. Nd4 f6 22. f4 Bd7 23. Qe4 Rab8 24. b3 Rfe8 25. Kb2 e5 26. fxe5
Rxe5 27. Qd3 Rbe8 28. Qg3+ Kf7 29. Qc3 Kg7 30. Qg3+ Kf7 31. Qf3 Bc8 32. Qd3 Kg7
33. Qg3+ Kf7 34. Qc3 Kg7 35. Qc7+ R5e7 36. Qb6 Re5 37. a4 R8e7 38. Qb4 Re8 39.
Qc3 R5e7 40. Qd2 Re4 41. Ka3 R8e7 42. Qd3 R4e5 43. Qg3+ Kf7 44. Qc3 Bd7 45. Qc4+
Kg7 46. Qc7 Bg4 47. Qc3 Bd7 48. Qd2 Bc8 49. f3 Re3 50. Qf2 Kf7 51. Qh4 Kg7 52.
Qg3+ Kf7 53. Qb8 Re8 54. Qf4 Kg7 55. Qc7+ R3e7 56. Qd6 Re3 57. Kb2 R3e7 58. Qg3+
Kf7 59. h4 Re5 60. Qh2 Rg8 61. Qd2 Rd8 62. Qd3 Rh5 63. Qc4+ Kg6 64. Ne2 Re5 65.
Nf4+ Kh6 66. Qf7 Rf5 67. Qe7 Rd7 68. Qf8+ Rg7 69. Qd6 Rd7 70. Qf8+ Rg7 71. Ne2
Bd7 72. Ng3 Rxf3 73. Nh5 Kxh5 74. Qxg7 Be6 75. Qxh7+ Kg4 76. h5 Kf4 77. h6 Rh3
78. Qc7+ Kf3 79. h7 Bf5 80. Qc3+ Kg2 81. Qxh3+ 1-0

[Event "50th Rilton Cup 2022-23"]
[Site "Stockholm SWE"]
[Date "2023.01.02"]
[Round "6.49"]
[White "Mierins, Emils Janis"]
[Black "Crevatin, Leo"]
[Result "1/2-1/2"]
[BlackTitle "FM"]
[WhiteElo "2118"]
[BlackElo "2319"]
[WhiteFideId "11616830"]
[BlackFideId "1726307"]
[EventDate "2022.12.27"]

1. e4 c6 2. d4 d5 3. exd5 cxd5 4. Bd3 Nc6 5. c3 Nf6 6. Bf4 Bg4 7. Qb3 e5 8. dxe5
Nh5 9. Be3 Nxe5 10. Bb5+ Nc6 11. Nd2 h6 12. Ngf3 a6 13. Bd3 Qd7 14. O-O Bd6 15.
Rfe1 O-O 16. Nd4 Nf4 17. Bf1 Rac8 18. a4 Ne6 19. Nxc6 Rxc6 20. Be2 Nf4 21. Bf3
Bxf3 22. Bxf4 Bxf4 23. Nxf3 Rcc8 24. Ne5 Bxe5 25. Rxe5 Rcd8 26. Rd1 Rfe8 27.
Rde1 Rxe5 28. Rxe5 d4 29. cxd4 Qxd4 30. Re1 Qd2 31. Rf1 Qd5 32. Qb4 Rd6 33. g3 1/2-1/2

[Event "50th Rilton Cup 2022-23"]
[Site "Stockholm SWE"]
[Date "2023.01.02"]
[Round "6.50"]
[White "Persson, Sebastian 2007"]
[Black "Shohat, Yotam"]
[Result "0-1"]
[BlackTitle "FM"]
[WhiteElo "1727"]
[BlackElo "2294"]
[WhiteFideId "1764187"]
[BlackFideId "2813955"]
[EventDate "2022.12.27"]

1. d4 Nf6 2. c4 c5 3. d5 b5 4. cxb5 a6 5. e3 g6 6. Nc3 Bg7 7. bxa6 O-O 8. Nf3 d6
9. Be2 Bxa6 10. Bxa6 Nxa6 11. O-O Qb6 12. Ne1 Rfb8 13. Qe2 Nc7 14. e4 Nb5 15.
Nxb5 Qxb5 16. Qxb5 Rxb5 17. f3 Nd7 18. a4 Rba5 19. Kf2 Rxa4 20. Rxa4 Rxa4 21.
Ke2 f5 22. exf5 gxf5 23. Bg5 Kf7 24. Nc2 Ra2 25. Rb1 Rxb2 26. Rxb2 Bxb2 27. Ne3
Bc1 28. Bxe7 Bxe3 29. Bxd6 Bg1 30. Kd3 Nb6 31. h3 Nxd5 32. Bxc5 Bxc5 33. Kc4
Ne3+ 34. Kxc5 Nxg2 0-1

[Event "50th Rilton Cup 2022-23"]
[Site "Stockholm SWE"]
[Date "2023.01.02"]
[Round "6.51"]
[White "Arhan, Chethan Anand"]
[Black "Shaik, Sumer Arsh"]
[Result "1-0"]
[BlackTitle "CM"]
[WhiteElo "2112"]
[BlackElo "2290"]
[WhiteFideId "45062510"]
[BlackFideId "45020000"]
[EventDate "2022.12.27"]

1. d4 Nf6 2. c4 e6 3. Nf3 d5 4. Nc3 Bb4 5. cxd5 exd5 6. Bg5 h6 7. Bh4 c5 8. dxc5
Nbd7 9. Qd4 Bxc5 10. Qd2 Nb6 11. e3 O-O 12. Bd3 Bg4 13. Ne5 Be6 14. O-O Be7 15.
Qe2 a6 16. Rac1 Ne4 17. Bxe4 dxe4 18. Bg3 f5 19. a4 Qe8 20. a5 Nd7 21. Nxd7 Qxd7
22. Rfd1 Qe8 23. Nd5 Bxd5 24. Rxd5 Rc8 25. Rcd1 Qc6 26. h3 Rcd8 27. Re5 Bb4 28.
Rxd8 Rxd8 29. Rxf5 Qc1+ 30. Kh2 Rd1 31. Be5 Rh1+ 32. Kg3 Bf8 33. Qh5 Qg1 34.
Qf7+ Kh7 35. Qxf8 Qh2+ 36. Kh4 Qxg2 37. Qxg7+ Qxg7 38. Bxg7 Kxg7 39. Rc5 Ra1 40.
b4 Ra2 41. Kg3 Rb2 42. Rc7+ Kg6 43. Rxb7 Kf5 44. Rb6 h5 45. Rxa6 Rxb4 46. Ra8
Ra4 47. a6 Kg5 48. a7 h4+ 49. Kg2 1-0

[Event "50th Rilton Cup 2022-23"]
[Site "Stockholm SWE"]
[Date "2023.01.02"]
[Round "6.52"]
[White "Cederstam, Carl"]
[Black "Soderstrom, Adrian"]
[Result "0-1"]
[WhiteTitle "FM"]
[BlackTitle "CM"]
[WhiteElo "2276"]
[BlackElo "2202"]
[WhiteFideId "1713329"]
[BlackFideId "1745786"]
[EventDate "2022.12.27"]

1. e4 e5 2. Nf3 Nc6 3. Bb5 a6 4. Ba4 Nf6 5. O-O Be7 6. Re1 b5 7. Bb3 O-O 8. a4
d5 9. axb5 dxe4 10. bxc6 exf3 11. Qxf3 e4 12. Qe2 Bd6 13. h3 Re8 14. Nc3 Re5 15.
Ra4 Bxh3 16. Nxe4 Bg4 17. Qe3 Bf5 18. d3 Nxe4 19. dxe4 Be6 20. Qf3 Bxb3 21. cxb3
Re6 22. g3 Qe8 23. Rc4 Be5 24. Qh5 g6 25. Qg5 Bf6 26. Qa5 Rxc6 27. e5 Bg7 28.
Qd5 Re6 29. Rxc7 Rd8 30. Qc4 Rxe5 31. Rxe5 Bxe5 32. Rc6 Bd4 33. Kf1 Qe4 34. Rc8
Qh1+ 35. Ke2 Qh5+ 36. f3 Qe5+ 37. Kd1 Rxc8 38. Qxc8+ Kg7 39. Qh3 Be3 40. Bxe3
Qxe3 41. Qg4 h5 42. Qc4 Qxf3+ 43. Kc2 Qxg3 44. Qxa6 h4 45. Qc4 Qf2+ 46. Kb1 Qf5+
47. Ka2 h3 48. Qc3+ Kh7 49. Qc7 Qf2 50. Qd7 h2 51. Qh3+ Kg7 52. b4 Qf4 53. Qc3+
Qf6 54. Qc1 Qf3 0-1

[Event "50th Rilton Cup 2022-23"]
[Site "Stockholm SWE"]
[Date "2023.01.02"]
[Round "6.53"]
[White "Torngren, Gustav"]
[Black "Loay, Sameer"]
[Result "0-1"]
[WhiteTitle "FM"]
[BlackTitle "IM"]
[WhiteElo "2275"]
[BlackElo "2153"]
[WhiteFideId "1728970"]
[BlackFideId "8104239"]
[EventDate "2022.12.27"]

1. d4 Nf6 2. c4 g6 3. Nc3 Bg7 4. e4 O-O 5. Nf3 d6 6. Be2 Na6 7. O-O e5 8. Be3
Ng4 9. Bg5 Qe8 10. h3 h6 11. Bh4 exd4 12. Nd5 g5 13. hxg4 gxh4 14. Nxd4 Qxe4 15.
Nf5 Bxf5 16. gxf5 Rfe8 17. Bd3 Qd4 18. Qf3 c6 19. Nf4 Nc5 20. Rad1 Nxd3 21. Rxd3
Qe4 22. Qg4 Re5 23. f3 Qxf5 24. Rxd6 Rae8 25. Qxf5 Rxf5 26. Nd3 c5 27. Kh2 Rg5
28. Rd7 Bd4 29. f4 Rg7 30. Re1 Rxe1 31. Nxe1 f6 32. Rd8+ Kh7 33. b3 Bf2 34. Nd3
Bg3+ 35. Kh3 b6 36. a3 h5 37. b4 Re7 38. bxc5 bxc5 39. Nxc5 Re1 40. Rd7+ Kh6 0-1

[Event "50th Rilton Cup 2022-23"]
[Site "Stockholm SWE"]
[Date "2023.01.02"]
[Round "6.54"]
[White "Larsen, Karsten"]
[Black "Dixit, Nikhil"]
[Result "0-1"]
[WhiteTitle "FM"]
[BlackTitle "FM"]
[WhiteElo "2248"]
[BlackElo "2306"]
[WhiteFideId "1404288"]
[BlackFideId "5059534"]
[EventDate "2022.12.27"]

1. d4 Nf6 2. Bg5 g6 3. Nc3 d5 4. Nf3 Bg7 5. Qd2 Ne4 6. Qe3 Nxg5 7. Qxg5 c6 8. e4
O-O 9. Bd3 e6 10. Qf4 c5 11. dxc5 d4 12. Nb5 a6 13. Nd6 Qa5+ 14. Qd2 Qxc5 15.
Nxc8 Rxc8 16. O-O Nc6 17. a3 a5 18. Qf4 a4 19. Rfe1 e5 20. Qd2 Na5 21. Qe2 Nc4
22. Rab1 b5 23. Rec1 Bh6 24. Rd1 Rab8 25. Qe1 Nd6 26. b4 axb3 27. Rxb3 Ra8 28.
Rdb1 Bg7 29. Qc1 Ra5 30. Qb2 Nc4 31. Bxc4 bxc4 32. Rb4 Bf8 33. a4 Qxb4 0-1

[Event "50th Rilton Cup 2022-23"]
[Site "Stockholm SWE"]
[Date "2023.01.02"]
[Round "6.55"]
[White "Shailesh, Dravid"]
[Black "Rakshitta, Ravi"]
[Result "0-1"]
[WhiteTitle "FM"]
[BlackTitle "WIM"]
[WhiteElo "2286"]
[BlackElo "2242"]
[WhiteFideId "25017969"]
[BlackFideId "25073230"]
[EventDate "2022.12.27"]

1. d4 Nf6 2. Bf4 d5 3. e3 c5 4. c3 Nc6 5. Nd2 Bg4 6. Qb3 Qc8 7. h3 Bf5 8. Ngf3
c4 9. Qd1 h6 10. a4 e6 11. b3 cxb3 12. Qxb3 Be7 13. a5 O-O 14. a6 b6 15. Bb5 Ne4
16. Rc1 Na5 17. Qb2 Nd6 18. Bxd6 Bxd6 19. c4 dxc4 20. e4 Bh7 21. Bxc4 Nxc4 22.
Nxc4 Bf4 23. O-O Bxc1 24. Rxc1 Qxa6 25. Nd6 b5 26. e5 Qb6 27. d5 exd5 28. Nd4 f6
29. Ne6 fxe5 30. Qxe5 Qxf2+ 31. Kh1 Qf6 32. Qxd5 Kh8 33. Nxf8 Rxf8 34. Nxb5 Rd8
35. Qb7 a5 36. Nc3 Qe5 37. Qb6 Rc8 38. Qb2 Be4 39. Qd2 Bb7 40. Ne2 Re8 41. Nf4
Be4 42. Re1 Qf5 43. Ra1 Rf8 44. Rf1 Kh7 45. Qd4 Rf6 46. Kh2 Bc6 47. Rc1 Qe4 48.
Qxe4+ Bxe4 49. Kg3 Ra6 50. Rc4 Bf5 51. Rc7 a4 52. Nh5 a3 53. Rc1 a2 54. Ra1 Be6
55. Nf4 Bc4 0-1

[Event "50th Rilton Cup 2022-23"]
[Site "Stockholm SWE"]
[Date "2023.01.02"]
[Round "6.56"]
[White "Schenderowitsch, Michael"]
[Black "Gomez Aguirre, Juan Alberto"]
[Result "1/2-1/2"]
[WhiteTitle "FM"]
[WhiteElo "2269"]
[BlackElo "2108"]
[WhiteFideId "4661923"]
[BlackFideId "54587867"]
[EventDate "2022.12.27"]

1. d4 Nf6 2. c4 e6 3. Nf3 d5 4. cxd5 exd5 5. Nc3 c6 6. Bg5 h6 7. Bh4 Bf5 8. e3
Bd6 9. Bd3 Bxd3 10. Qxd3 Nbd7 11. O-O O-O 12. Rac1 Re8 13. Nd2 Qb8 14. Bg3 Bxg3
15. hxg3 Qd6 16. b4 b6 17. Ne2 Rec8 18. Qb3 c5 19. bxc5 bxc5 20. Qa3 Ne4 21.
Nxe4 dxe4 22. Rc4 Qf8 23. Rfc1 cxd4 24. Qxf8+ Rxf8 25. Rxd4 Nf6 26. f3 exf3 27.
gxf3 Rac8 28. Rxc8 Rxc8 29. Rd2 Kf8 30. Kf2 Ke7 1/2-1/2

[Event "50th Rilton Cup 2022-23"]
[Site "Stockholm SWE"]
[Date "2023.01.02"]
[Round "6.57"]
[White "Westerinen, Heikki M.J."]
[Black "Raghav, Srivathsav V"]
[Result "1/2-1/2"]
[WhiteTitle "GM"]
[WhiteElo "2253"]
[BlackElo "2059"]
[WhiteFideId "500020"]
[BlackFideId "5073316"]
[EventDate "2022.12.27"]

1. e4 d6 2. d4 Nf6 3. Nc3 e5 4. Nf3 Nbd7 5. Bc4 Be7 6. O-O O-O 7. Re1 c6 8. a4
b6 9. b3 a6 10. Bb2 Bb7 11. Bd3 b5 12. Ne2 Qc7 13. Ng3 g6 14. c4 b4 15. Qd2 c5
16. d5 Rfe8 17. h3 Bf8 18. Nh2 h5 19. Re2 Qd8 20. Rf1 h4 21. Nh1 Nh5 22. g3 Bc8
23. Nf3 Ndf6 24. Nxh4 Bxh3 25. Ng2 Nh7 26. Bc1 f5 27. Kh2 f4 28. Ree1 Qd7 29. f3
fxg3+ 30. Nxg3 Nf4 31. Nxf4 Bxf1 32. Ne6 Bxd3 33. Qxd3 Ra7 34. Kg2 Nf6 35. Rh1
Rxe6 36. dxe6 Qxe6 37. Qe3 Nh7 38. Rh4 Rf7 39. Rg4 Bg7 40. Qe2 Nf8 41. Bg5 Qd7
42. Be3 Qe8 43. Qd1 Qe6 44. Bg5 Qd7 45. Be3 Qe6 1/2-1/2

[Event "50th Rilton Cup 2022-23"]
[Site "Stockholm SWE"]
[Date "2023.01.02"]
[Round "6.58"]
[White "Lye, Lik Zang"]
[Black "Ornstein, Axel"]
[Result "1-0"]
[WhiteTitle "FM"]
[BlackTitle "IM"]
[WhiteElo "2241"]
[BlackElo "2249"]
[WhiteFideId "5712181"]
[BlackFideId "1700111"]
[EventDate "2022.12.27"]

1. d4 Nf6 2. Bg5 Ne4 3. Bf4 g5 4. Be5 f6 5. e3 d5 6. Qh5+ Kd7 7. f3 Nd6 8. Bxd6
cxd6 9. Nc3 e6 10. O-O-O Kc7 11. e4 dxe4 12. fxe4 Bd7 13. Bc4 a6 14. Bb3 b5 15.
e5 d5 16. exf6 Qxf6 17. Bxd5 Nc6 18. Qf3 Bg7 19. Bxc6 Bxc6 20. d5 exd5 21. Qxf6
Bxf6 22. Nxd5+ Bxd5 23. Rxd5 Kc6 24. Rf5 Raf8 25. Ne2 Bg7 26. Rhf1 Rxf5 27. Rxf5
Re8 28. Rf2 b4 29. c3 bxc3 30. Nxc3 1-0

[Event "50th Rilton Cup 2022-23"]
[Site "Stockholm SWE"]
[Date "2023.01.02"]
[Round "6.59"]
[White "Rasti, Arvin"]
[Black "Grahn, Vidar"]
[Result "1/2-1/2"]
[WhiteElo "2249"]
[BlackElo "1980"]
[WhiteFideId "1741160"]
[BlackFideId "1744780"]
[EventDate "2022.12.27"]

1. d4 Nf6 2. Nf3 d5 3. c4 c6 4. Qc2 dxc4 5. e4 b5 6. b3 cxb3 7. axb3 e6 8. Bd2
Bb7 9. Bd3 Nbd7 10. Ba5 Qc8 11. b4 Qb8 12. Nc3 e5 13. Nxb5 cxb5 14. dxe5 Nxe5
15. Bxb5+ Nfd7 16. Bc7 Nxf3+ 17. gxf3 Bxb4+ 18. Ke2 Qc8 19. Rhd1 O-O 20. Bxd7
Ba6+ 21. Ke3 Qb7 22. Rd4 f5 23. Qb3+ Kh8 24. Qxb4 Qxc7 25. Rxa6 fxe4 26. Rad6
Rxf3+ 27. Kxe4 Raf8 28. Be6 Rxf2 29. Kd5 a5 30. Qb6 Qc2 31. Rd8 Qa2+ 32. Kd6
Qa3+ 33. Kc7 g6 34. R4d6 Qc3+ 35. Kb8 Rb2 36. Rxf8+ Kg7 37. Rf7+ Kh6 38. h4
Rxb6+ 39. Rxb6 Qg3+ 40. Ka8 Qxh4 41. Rfb7 a4 42. Bg8 Qd8+ 43. Rb8 Qd3 44. Ka7 a3
45. R8b7 Qd4 46. Rxh7+ Kg5 47. Bb3 Qf2 48. Rg7 a2 49. Rxg6+ Kh4 50. Rh6+ Kg5 51.
Rh1 Qd4 52. Bxa2 Qa4+ 53. Ra6 Qd7+ 54. Kb6 Qd6+ 55. Kb5 Qe5+ 56. Kc6 Qf6+ 57.
Kb5 Qe5+ 58. Kb6 Qd6+ 59. Kb7 Qd7+ 60. Kb6 Qd6+ 61. Ka5 Qe5+ 62. Kb6 1/2-1/2

[Event "50th Rilton Cup 2022-23"]
[Site "Stockholm SWE"]
[Date "2023.01.02"]
[Round "6.60"]
[White "Mahitosh, Dey"]
[Black "Kukreja, Sankalp"]
[Result "1-0"]
[WhiteTitle "FM"]
[BlackTitle "CM"]
[WhiteElo "2134"]
[BlackElo "2254"]
[WhiteFideId "25091468"]
[BlackFideId "45027676"]
[EventDate "2022.12.27"]

1. d4 d5 2. Nf3 Nf6 3. c3 e6 4. Bf4 Bd6 5. e3 O-O 6. Bg3 c5 7. Bd3 Nc6 8. Nbd2
b6 9. e4 dxe4 10. Nxe4 Nxe4 11. Bxe4 Bb7 12. dxc5 Bxc5 13. Qa4 Na5 14. Rd1 Qe7
15. Rd7 Qe8 16. Bxh7+ Kxh7 17. Qh4+ Kg8 18. Ng5 Be4 19. Qxe4 f5 20. Qh4 Qg6 21.
Be5 Rf6 22. Bxf6 gxf6 23. Nh7 Rf8 24. Nxf8 Bxf8 25. O-O Nc6 26. Rd3 f4 27. Rh3
e5 28. Qh8+ Kf7 29. Qh7+ Qxh7 30. Rxh7+ Bg7 31. Rd1 Kg6 32. Rxg7+ 1-0

[Event "50th Rilton Cup 2022-23"]
[Site "Stockholm SWE"]
[Date "2023.01.02"]
[Round "6.61"]
[White "Tryggestad, Andreas Garberg"]
[Black "Ask, Josef"]
[Result "0-1"]
[WhiteTitle "FM"]
[BlackTitle "FM"]
[WhiteElo "2276"]
[BlackElo "2202"]
[WhiteFideId "1513338"]
[BlackFideId "1704583"]
[EventDate "2022.12.27"]

1. d4 Nf6 2. c4 g6 3. Nc3 Bg7 4. e4 d6 5. Nf3 O-O 6. Be2 e5 7. O-O Nc6 8. d5 Ne7
9. b4 Ne8 10. a4 f5 11. Ng5 h6 12. Ne6 Bxe6 13. dxe6 Qc8 14. a5 Qxe6 15. a6 b6
16. c5 fxe4 17. Nxe4 d5 18. Nd2 bxc5 19. bxc5 Rb8 20. Nb3 Nf5 21. Na5 Kh7 22.
Ba3 Nd4 23. c6 Rf4 24. Bc5 Ra8 25. Bxd4 Rxd4 26. Qb3 Nd6 27. Rab1 Rd2 28. Rfe1
e4 29. Rbd1 Rd4 30. Rb1 Rf8 31. Qc2 Qe5 32. Rb7 Qf4 33. Qc1 Rd2 34. Rf1 e3 35.
Bf3 Be5 36. Rxc7+ Kh8 37. g3 Qxf3 38. Qe1 Rxf2 0-1

[Event "50th Rilton Cup 2022-23"]
[Site "Stockholm SWE"]
[Date "2023.01.02"]
[Round "6.62"]
[White "Katkov, Michelle"]
[Black "Tulchynskyi, Feliks"]
[Result "1/2-1/2"]
[WhiteTitle "WFM"]
[WhiteElo "2220"]
[BlackElo "2135"]
[WhiteFideId "2816393"]
[BlackFideId "34127895"]
[EventDate "2022.12.27"]

1. e4 c5 2. Nf3 e6 3. c3 d5 4. exd5 Qxd5 5. d4 Nf6 6. Be2 Nc6 7. O-O Be7 8. c4
Qd8 9. dxc5 Bxc5 10. Qxd8+ Kxd8 11. Nc3 Ke7 12. a3 b6 13. b4 Bd6 14. h3 Bb7 15.
Nb5 Bb8 16. Be3 Ne4 17. Ng5 Nd6 18. c5 Nxb5 19. Bxb5 Bc7 20. Rac1 Rac8 21. Nf3
bxc5 22. Bxc5+ Bd6 23. Be3 a5 24. Bxc6 Bxc6 25. Nd4 Bd7 26. bxa5 Bxa3 27. Ra1
Bc5 28. Rfc1 Kd6 29. Rd1 Ke7 30. Rdb1 Rc7 31. a6 e5 32. Nc2 Bxe3 33. Nxe3 Be6
34. Rb5 Rhc8 35. Kh2 f6 36. Rab1 Ra8 37. Rb7 Kd7 38. Rd1+ Kc8 39. Rb6 Bc4 40.
Rdd6 Raa7 41. h4 Bf7 42. Rd1 Rd7 43. Rdb1 Bg6 44. Rc1+ Rdc7 45. Nc4 Kd8 46. Rd1+
Rd7 47. Rc1 Rdc7 48. Rb8+ Ke7 49. Rg8 Bf7 50. Rxg7 Kf8 51. Rxh7 Kg8 52. Rxf7
Kxf7 53. Nd6+ Ke6 54. Rxc7 Rxc7 55. Nb5 Rc8 56. g4 Kd7 57. h5 Ra8 58. Nc3 Rxa6
59. Ne4 Ke7 60. Kg3 Ra1 61. f3 Ke6 62. Nc5+ Kd5 63. Ne4 Ke6 64. Nc5+ Ke7 65. Ne4
Rh1 66. Kg2 Rc1 67. Ng3 Rc2+ 68. Kh3 Kf7 69. Nf5 Rc3 70. Kg2 Rd3 71. Kf2 Ke6 72.
Kg2 Rd2+ 73. Kg3 Rd3 74. Kf2 e4 75. fxe4 Ke5 76. h6 Kxe4 77. h7 Rd8 78. Nd6+ Kf4
79. Nf7 Re8 80. Kf1 Kg3 81. h8=Q Rxh8 82. Nxh8 Kxg4 1/2-1/2

[Event "50th Rilton Cup 2022-23"]
[Site "Stockholm SWE"]
[Date "2023.01.02"]
[Round "6.63"]
[White "Seo, Jung Hyun"]
[Black "Buchenau, Frank"]
[Result "0-1"]
[BlackTitle "FM"]
[WhiteElo "2156"]
[BlackElo "2218"]
[WhiteFideId "1735667"]
[BlackFideId "4604350"]
[EventDate "2022.12.27"]

1. e4 e6 2. d4 d5 3. Nd2 c5 4. exd5 Qxd5 5. Ngf3 cxd4 6. Bc4 Qd6 7. O-O Nf6 8.
Nb3 Nc6 9. Nbxd4 Nxd4 10. Nxd4 a6 11. Re1 Qc7 12. Bf1 Bd6 13. Nf5 Bxh2+ 14. Kh1
O-O 15. Nxg7 Kxg7 16. Qd4 e5 17. Qh4 Ng4 18. Be2 Bf4 19. Bxg4 Bxc1 20. Raxc1 f5
21. Qg5+ Kh8 22. Bh5 b5 23. Re3 Bb7 24. Rh3 Rg8 25. Bg6 Rg7 26. Rd1 Rf8 27. f3
e4 28. Qh6 Rf6 29. Qxg7+ Qxg7 30. Rd8+ Rf8 31. Rxf8+ Qxf8 32. Rxh7+ Kg8 33. Rxb7
Qh6+ 34. Kg1 Qxg6 35. Kf2 Qc6 36. Rb8+ Kf7 37. c3 Qc5+ 38. Ke2 Qc4+ 39. Ke3 Qd3+
40. Kf2 e3+ 41. Kg1 Qd1+ 42. Kh2 Qd6+ 43. g3 Qxb8 44. a4 e2 45. axb5 e1=Q 46.
bxa6 Qe2+ 47. Kh3 Qh8# 0-1